|
|
|
|
| LEADER |
00865nam a2200205 a 4500 |
| 001 |
00026780 |
| 008 |
130420s2003 bg 000 0 ben d |
| 020 |
|
|
|a 1582254354
|
| 040 |
|
|
|a BD-DhAAL
|c BD-DhAAL
|
| 041 |
|
|
|a Ben
|
| 082 |
0 |
0 |
|a 297.05492
|2 22
|
| 100 |
1 |
|
|a নওয়াজ, আহমদ.
|
| 245 |
1 |
0 |
|a হাজার হামদ /
|c আহমদ নওয়াজ
|
| 260 |
|
|
|a ঢাকা :
|b অনন্ত প্রকাশনী,
|c ২০০৩
|
| 300 |
|
|
|a ১০০৪ পৃ. :
|b চিত্র ;
|c ২২ সে.মি.
|
| 541 |
1 |
|
|e 00026780
|
| 650 |
|
0 |
|a Islami music
|z Bangladesh
|
| 852 |
1 |
|
|a Ayesha Abed Library
|j General shelf
|
| 999 |
|
|
|c 13414
|d 13414
|
| 952 |
|
|
|0 0
|1 4
|4 0
|6 297_054920000000000_NAW
|7 0
|9 22351
|a BRACUL
|b BRACUL
|c GEN
|d 2012-04-22
|e Ahamad Nawaz Foundation
|g 600.00
|l 0
|o 297.05492 NAW
|p 3010026780
|r 2013-05-13
|t 1
|w 2012-04-22
|y BK
|x Koha Inventory 2020
|